Khảo sát cấu tạo giải phẫu và sự phân bố túi tinh dầu ở cây tràm (Melaleuca cajuputi Powell) tại Trung tâm Nghiên cứu Thực nghiệm Đa dạng Sinh học Hòa An : Báo cáo tổng kết đề tài khoa học và công nghệ cấp Trường
Khảo sát cấu tạo giải phẫu và sự phân bố túi tinh dầu ở cây tràm (Melaleuca cajuputi Powell) tại Trung tâm Nghiên cứu Thực nghiệm Đa dạng Sinh học Hòa An
Saved in:
| Main Author: | |
|---|---|
| Format: | Book |
| Language: | Undetermined |
| Published: |
Cần Thơ
Trường Đại học Cần Thơ
2011
|
| Subjects: | |
| Tags: |
Add Tag
No Tags, Be the first to tag this record!
|
| Institutions: | Trung tâm Học liệu Trường Đại học Cần Thơ |
|---|
| LEADER | 01357nam a2200229Ia 4500 | ||
|---|---|---|---|
| 001 | CTU_203340 | ||
| 008 | 210402s9999 xx 000 0 und d | ||
| 082 | |a 634.973765 | ||
| 082 | |b Ng121 | ||
| 088 | |a TSV2010-19 | ||
| 100 | |a Trần, Trung Ngân | ||
| 245 | 0 | |a Khảo sát cấu tạo giải phẫu và sự phân bố túi tinh dầu ở cây tràm (Melaleuca cajuputi Powell) tại Trung tâm Nghiên cứu Thực nghiệm Đa dạng Sinh học Hòa An : | |
| 245 | 0 | |b Báo cáo tổng kết đề tài khoa học và công nghệ cấp Trường | |
| 245 | 0 | |c Trần Trung Ngân (Chủ nhiệm đề tài) ; Phùng Thị Hằng (cán bộ hướng dẫn) ; Nguyễn Thị Yến Nhi, Nguyễn Hoàng Hôn, Dương Thị Tuyết Ngọc (tham gia thực hiện) | |
| 260 | |a Cần Thơ | ||
| 260 | |b Trường Đại học Cần Thơ | ||
| 260 | |c 2011 | ||
| 520 | |a Khảo sát cấu tạo giải phẫu và sự phân bố túi tinh dầu ở cây tràm (Melaleuca cajuputi Powell) tại Trung tâm Nghiên cứu Thực nghiệm Đa dạng Sinh học Hòa An | ||
| 650 | |a Malaleuca Cajuputi powell,Tinh dầu cây tràm | ||
| 904 | |i Nguyên | ||
| 915 | |a SP | ||
| 980 | |a Trung tâm Học liệu Trường Đại học Cần Thơ | ||